MARC details
| 000 -LÍDER |
| campo de controle de tamanho fixo |
00993nac a22002777a 4500 |
| 001 - NÚMERO DE CONTROLE |
| campo de controle |
BR8203228 |
| 003 - IDENTIFICADOR DO NÚMERO DE CONTROLE |
| campo de controle |
BR-BrBNA |
| 005 - DATA E HORÁRIO DA ÚLTIMA TRANSAÇÃO |
| campo de controle |
20240105115337.0 |
| 008 - CAMPO DE DADOS FIXOS--INFORMAÇÃO GERAL |
| campo de controle de tamanho fixo |
230509b bl.|||m| |||| 00| 0 por d |
| 040 ## - FONTE DA CATALOGAÇÃO |
| Instituição da catalogação original |
BR-BrBNA |
| Idioma da catalogação |
por |
| Instituição que transcreveu o registro |
Biblioteca Nacional de Agricultura |
| 072 ## - CÓDIGO DE CATEGORIA DE ASSUNTO |
| Código de Categoria de Assunto |
F00 |
| 090 ## - NÚMERO DE CHAMADA LOCAL |
| Número de chamada |
0230 BR8203228 |
| 110 1# - ENTRADA PRINCIPAL--NOME CORPORATIVO |
| Nome corporativo ou nome da jurisdição |
Empresa Brasileira de Assistencia Tecnica e Extensao Rural, Brasilia, DF; |
| 9 (RLIN) |
3797 |
| 110 1# - ENTRADA PRINCIPAL--NOME CORPORATIVO |
| Nome corporativo ou nome da jurisdição |
Instituto do Acucar e do Alcool, Rio de Janeiro, RJ (Brasil) |
| 9 (RLIN) |
6311 |
| 245 1# - TÍTULO |
| Título |
Sistemas de producao para a cultura da cana-de-acucar |
| 260 3# - PUBLICAÇÃO, DISTRIBUIÇÃO, ETC. |
| Local de publicação, distribuição, etc. |
Maceio, AL (Brasil): |
| Nome do editor, distribuidor, etc. |
Empresa de Assistencia Tecnica e Extensao Rural do Estado de Alagoas, |
| Data da publicação, distribuição, etc. |
1982. |
| 300 ## - DESCRIÇÃO FÍSICA |
| Extensão |
38 p. |
| 490 ## - TÍTULO DA SÉRIE |
| Título da série |
Sistemas de Producao. Boletim (Brazil) |
| Número do volume ou designação sequencial da série |
no. 394 |
| ISSN - International Standard Serial Number |
ISSN 0100-5359 |
| 650 ## - ASSUNTO--TERMO TÓPICO |
| Cabeçalho tópico ou nome geográfico |
CANA DE ACUCAR |
| 650 ## - ASSUNTO--TERMO TÓPICO |
| Cabeçalho tópico ou nome geográfico |
PRATICA CULTURAL |
| 650 ## - ASSUNTO--TERMO TÓPICO |
| Cabeçalho tópico ou nome geográfico |
ADUBACAO |
| 650 ## - ASSUNTO--TERMO TÓPICO |
| Cabeçalho tópico ou nome geográfico |
DRENAGEM |
| 650 ## - ASSUNTO--TERMO TÓPICO |
| Cabeçalho tópico ou nome geográfico |
ANALISE DO SOLO |
| 909 ## - |
| -- |
202312 |
| -- |
Lúcia Elande |
| -- |
55 |
| -- |
Lúcia Elande |
| 942 ## - ELEMENTOS DE ENTRADA ADICIONADOS (KOHA) |
| Fonte da classificação ou esquema de arquivamento na estante |
Classificação AGRIS |
| Ocultar no OPAC |
Não |
| Tipo de material Koha |
Monografia Seriada |